00685caa a22001692a 4500001000900000003001100009008004300020092002000063100001900083245004100102300001600143500015200159700002000311942000900331773015800340999001700498 007245 AR-FADEU 311216n########xxu####################dd a302.24bC728com aMilito, Carlos aPolítica sindical y comunicación aPP. 101-116 aEn: La comunicación y la política desde y en las organizaciones sociales : ponencias. La Plata : Ediciones de periodismo y comunicación, 1997 aPaula I., Porta cBDGR0 013051911834abdLa Platao13281tLa COMUNICACION y la política desde y e las organizaciones sociales : ponenciasw( AR-FADEU) 007237xz95034-105-4 c13059d13059